| 000 | 00954nam a22003017a 4500 | ||
|---|---|---|---|
| 005 | 20220329141239.0 | ||
| 008 | 971010s1990 r 00010 d | ||
| 010 | _a65101 | ||
| 011 | _a66073 | ||
| 035 | _a73929 | ||
| 082 |
_a634.421 _bM38 |
||
| 100 | 0 | 0 |
_aMata Beltrán, Inocente. _972854 |
| 245 | _aCultivo y producción del guayabo | ||
| 260 |
_aMéxico : _bTrillas, _c1990 |
||
| 300 | _a160 p. | ||
| 500 | _a1992-89 | ||
| 590 |
_aBATCH-UPD _b10 _c20130110 _lUCH01 _h0051 |
||
| 590 |
_aBATCH-UPD _b10 _c20130110 _lUCH01 _h1354 |
||
| 590 |
_aBATCH-UPD _b10 _c20130409 _lUCH01 _h2039 |
||
| 590 |
_aBATCH-UPD _b10 _c20130410 _lUCH01 _h0849 |
||
| 590 |
_aBATCH-UPD _b10 _c20130914 _lUCH01 _h1554 |
||
| 590 |
_aCONVERSION _b10 _c20130109 _lUCH01 _h1335 |
||
| 650 | 1 | 4 |
_aGuayaba. _951037 |
| 650 | 1 | 4 |
_aGuayaba _xRendimiento. _951064 |
| 700 | 0 |
_aRodríguez Mendoza, Antonio. _998692 |
|
| 901 | _aBK | ||
| 949 |
_a634.421 M38 _bF _cLIBRO _d-6767 _eLIBRO _h2835 _i73929 _si |
||
| 999 |
_c65101 _d65101 |
||